000 01109nam a2200325 i 4500
001 000024509
003 DO-SdBNP
005 20231024142504.0
007 ta
008 110128s1969 mx r 000 0 spa d
040 _aDO-SdBNP
_bspa
_cBNPHU
_erda
082 4 _a813.5
_bM587p, 1969
_222
100 _aMetalious, Grace
_950225
_eautor
240 _aPeyton place
_lEspañol
245 1 0 _aPeyton place :
_bLa caldera del diablo /
_cGrace Metalious ; traducción, Ginés de la Torre.
250 _a11a. ed.
260 _aMéxico, D. F. :
_bConstancia :
_bDiana,
_c1969.
300 _a442 páginas ;
_c20 cm.
336 _2rdacontent
_atexto
_btxt
337 _2rdamedia
_asin mediación
_bn
338 _2rdacarrier
_avolumennc
500 _aIncluye datos biográficos de la autora en la contracubierta
534 _pTítulo original:
_tPeyton place
590 _aInventariado, 2023/MFF
650 4 _aNovela estadounidense
_9262
650 4 _aLiteratura estadounidense
_9263
700 1 _aTorre, Ginés de la,
_etraducción
_950226
910 _aValidado. Control de calidad MFF
942 _2ddc
_cLBS1
999 _c24002
_d24002